Gujarātī kāvyaprakāro. (Record no. 63587)

MARC details
000 -LEADER
fixed length control field 00621cam a22002411 4500
001 - CONTROL NUMBER
control field sa 65004171
003 - CONTROL NUMBER IDENTIFIER
control field DLC
005 - DATE AND TIME OF LATEST TRANSACTION
control field 20260227112128.0
008 - FIXED-LENGTH DATA ELEMENTS--GENERAL INFORMATION
fixed length control field 891005s1964 ii 000 0 gujo
010 ## - LIBRARY OF CONGRESS CONTROL NUMBER
LC control number sa 65004171
025 ## - OVERSEAS ACQUISITION NUMBER
Overseas acquisition number PL480:I-Gu-413
035 ## - SYSTEM CONTROL NUMBER
System control number (OCoLC)20443258
040 ## - CATALOGING SOURCE
Original cataloging agency DLC
Transcribing agency WaU
Modifying agency DLC
042 ## - AUTHENTICATION CODE
Authentication code premarc
050 00 - LIBRARY OF CONGRESS CALL NUMBER
Classification number PK1852
Item number .M3
100 1# - MAIN ENTRY--PERSONAL NAME
Personal name Māṅkaḍa, Dolararāya Raṃ.
245 10 - TITLE STATEMENT
Title Gujarātī kāvyaprakāro.
260 ## - PUBLICATION, DISTRIBUTION, ETC.
Date of publication, distribution, etc. 1964.
300 ## - PHYSICAL DESCRIPTION
Extent 219 p.
Dimensions 19 cm.
440 #0 - SERIES STATEMENT/ADDED ENTRY--TITLE
Title Thakkar Vassonji Madhavji lectures ;
Volume/sequential designation 1957-58
500 ## - GENERAL NOTE
General note In Gujarati.
650 #0 - SUBJECT ADDED ENTRY--TOPICAL TERM
Topical term or geographic name entry element Gujarati poetry.

No items available.

Powered by Koha